000 00853nam a2200217 ca4500
001 000030288
003 RuMoIPM
005 20260413111631.0
008 260413s1989 ru ||||| |||| 00| 0 rus d
020 _a5-02-013920-3
040 _aRuMoIPM
_brus
_ercr
041 _arus
_hger
044 _aru
080 _a51(091)
100 1 _aКлейн, Феликс
245 1 0 _aЛекции о развитии математики в XIX столетии
_bВ 2 т.
_cФ. Клейн ; под ред. М. М. Постникова; пер. Н. М. Нагорного ; [подгот. к печати Р. Курант; О. Нейгебауер]
260 _aМосква
_bНаука
_c1989
700 1 _aПостников, Михаил Михайлович
_eред.
700 1 _aНагорный, Николай Макарович
_eпер.
942 _cBK
999 _c30288
_d30288